000 00661nam a2200241Ia 4500
003 OSt
005 20220924131736.0
006 a|||||r|||| 00| 0
007 ta
008 220923b |||||||| |||| 00| 0 hin d
024 _a13982
037 _cTextual
040 _aARTS
_cARTS
_bhin
041 _2hin
_ahin
082 _a/\25xJ32,2, 152M3 (P15)
100 _aGoswami Jiva
245 0 _aTattva sandarbh ed by Haridass Sastri
260 _aVarandavan
_bHaridass Sastri
_c1983
300 _a196p.
_ccm.
650 _aSPIRurdALISM
942 _h/\25xJ32,2, 152M3 (P15)
_cTEXL
_2CC
999 _c428082
_d428082